000 00475nam a22001817a 4500
005 20260416112924.0
008 260416b |||||||| |||| 00| 0 eng d
020 _a9780702078699
050 _aRC 46 .K46 2021
_bC.1
100 _aFEATHER ADAM
245 _aKUMAR AND CLARK'S CLINICAL MEDICINE
250 _a10TH
260 _aNEW YORK
_bELSEVIER
_c2021
300 _a1544P
500 _aINCLUDES INDEX
700 _aRANDALL DAVID , WATERHOUSE MONA
942 _2lcc
_cBK
999 _c216986
_d216986